[Event "7th Malaysia Open"]
[Site "Kuala Lumpur MAS"]
[Date "2010.09.06"]
[Round "8"]
[White "Xu Yuhua"]
[Black "Nadanian,A"]
[Result "1/2-1/2"]
[WhiteElo "2475"]
[BlackElo "2411"]

1.e4 g6 2.d4 Bg7 3.Nc3 d6 4.Be3 a6 5.f4 b5 6.Bd3 Bb7 7.Nf3 e6 8.Qd2 Nf6 9.a3 Nbd7
10.Bf2 c5 11.dxc5 Nxc5 12.Bxc5 dxc5 13.e5 Nd7 14.O-O-O Qc7 15.Ng5 O-O 16.Be4 Bxe4
17.Ncxe4 Nxe5 18.fxe5 Qxe5 19.Qc3 Qf5 20.Qe3 Qe5 21.Qc3 Qf4+ 22.Qd2 Qe5  1/2-1/2

[Event "7th Malaysia Open"]
[Site "Kuala Lumpur MAS"]
[Date "2010.09.06"]
[Round "8"]
[White "Yeoh,L"]
[Black "Bennett,H"]
[Result "1-0"]
[WhiteElo "2112"]
[BlackElo "1975"]

1.e4 g6 2.d4 Bg7 3.Nc3 d6 4.Be2 a6 5.f4 b5 6.e5 Nh6 7.Bf3 c6 8.Be3 O-O 9.h3 Bb7
10.Nge2 Nd7 11.O-O Nb6 12.Bf2 Qc7 13.Ne4 Rad8 14.Qc1 Nd5 15.c3 Rc8 16.b3 Rfd8
17.c4 bxc4 18.bxc4 Nb4 19.Qc3 c5 20.dxc5 Bxe4 21.Bxe4 dxc5 22.a3 Nc6 23.Rad1 Nf5
24.Bxf5 gxf5 25.Qg3 Kh8 26.Qe3 Nd4 27.Nxd4 cxd4 28.Rxd4 Rxd4 29.Qxd4 Qxc4
30.Qd7 Qc7 31.Qxf5 e6 32.Qd3 Qc6 33.Bh4 Rg8 34.Rf3 a5 35.Kh2 a4 36.Rg3 Qc1
37.Qf3 Qc2 38.Bf6 Bxf6 39.Rxg8+ Kxg8 40.exf6 h6 41.Qg4+ Qg6 42.Qxg6+ fxg6
43.g4 g5 44.fxg5 hxg5 45.h4 gxh4 46.Kh3 Kf7 47.g5 Kg6 48.Kxh4 Kf7 49.Kg4 Kg6
50.Kf4 Kf7 51.Ke5  1-0

[Event "ch-ESP"]
[Site "El Sauzal ESP"]
[Date "2010.09.11"]
[Round "8"]
[White "Espineira Gonzalez,D"]
[Black "Todorcevic,M"]
[Result "1-0"]
[WhiteElo "2287"]
[BlackElo "2434"]

1.e4 g6 2.d4 Bg7 3.Nc3 d6 4.Be3 c6 5.Qd2 Nd7 6.Nf3 b5 7.Bd3 Bb7 8.O-O a6
9.a4 Qc7 10.Rfe1 e5 11.axb5 cxb5 12.Bxb5 Nf6 13.dxe5 dxe5 14.Bxd7+ Nxd7 15.Nd5 Bxd5
16.Qxd5 O-O 17.Ra4 Nb6 18.Qa5 Rab8 19.Rb4 Nd5 20.Qxc7 Nxc7 21.Rxb8 Rxb8 22.b3 Nb5
23.Ra1 Rd8 24.g4 Rd6 25.Kf1 f5 26.gxf5 gxf5 27.Bc5 Rc6 28.b4 fxe4 29.Nd2 e3
30.fxe3 Rf6+ 31.Ke2 Nc3+ 32.Kd3 e4+ 33.Nxe4 Nxe4 34.Kxe4 Re6+ 35.Kd5 Re5+
36.Kd6 Rh5 37.Rg1 Kf7 38.Rg2 Be5+ 39.Kc6 Bxh2 40.Rf2+ Ke6 41.c4 Bg3 42.Ra2 Rg5
43.Rxa6 h5 44.Kb7+ Kf7 45.Bd6 h4 46.c5 Rg4 47.b5 Rb4 48.Bxg3 hxg3 49.b6 g2
50.Ra1  1-0

[Event "Open"]
[Site "Livigno ITA"]
[Date "2010.09.14"]
[Round "5"]
[White "Yudkovsky,Y"]
[Black "Cocchi,A"]
[Result "1-0"]
[WhiteElo "2315"]
[BlackElo "2266"]

1.e4 g6 2.d4 Bg7 3.Nc3 d6 4.Bg5 Nd7 5.Qd2 a6 6.a4 c5 7.dxc5 Nxc5 8.Bd3 Nf6
9.Nge2 O-O 10.O-O Bd7 11.Bh6 Bc6 12.Bxg7 Kxg7 13.Qe3 Qd7 14.a5 e5 15.Rfd1 Qe6
16.b3 Nxd3 17.Rxd3 Rad8 18.Rad1 Rd7 19.h3 d5 20.exd5 Nxd5 21.Nxd5 Rxd5 22.Rxd5 Bxd5
23.c4 Bc6 24.Nc3 f6 25.Ne4 Qe7 26.Nc5 Kf7 27.b4 Rd8 28.Rxd8 Qxd8 29.Qh6 Qg8
30.b5 axb5 31.cxb5 Bxb5 32.Nxb7 Ke6 33.Qe3 Qc8 34.Qb6+ Bc6 35.a6 Kd7 36.Nc5+ Ke7
37.Kh2 Ba8 38.Nb7 Kf8 39.Qxf6+ Kg8 40.Nd6 Qc7 41.Qe6+ Kf8 42.Qc8+  1-0

[Event "Open"]
[Site "Livigno ITA"]
[Date "2010.09.18"]
[Round "9"]
[White "Arnetta,MariaT"]
[Black "Waldner,M"]
[Result "1/2-1/2"]
[WhiteElo "2111"]
[BlackElo "2064"]

1.e4 g6 2.d4 d6 3.Nc3 Bg7 4.h3 Nf6 5.Bg5 c6 6.Qd2 b5 7.Bd3 a5 8.a3 Na6 9.Nf3 Qb6
10.O-O Nc7 11.Bh6 O-O 12.Rfe1 Ba6 13.Bxg7 Kxg7 14.e5 dxe5 15.Rxe5 Ncd5 16.Rae1 Rad8
17.Nd1 b4 18.Ne3 Bxd3 19.Qxd3 Nxe3 20.fxe3 e6 21.Rf1 Nd7 22.Rg5 c5 23.Qc4 cxd4
24.Rb5 Qa7 25.Qxd4+ Qxd4 26.exd4 bxa3 27.bxa3 Rc8 28.Rf2 Nf6 29.Rxa5 Ne4
30.Re2 Ng3 31.Rf2 Ne4 32.Re2 Ng3 33.Rf2 Ne4 34.Rf1 Ng3 35.Rf2  1/2-1/2

[Event "TCh-FIN 2010-11"]
[Site "Porvoo FIN"]
[Date "2010.09.19"]
[Round "2.7"]
[White "Alava,M"]
[Black "Tusa,T"]
[Result "0-1"]
[WhiteElo "2210"]
[BlackElo "2195"]

1.e4 g6 2.d4 Bg7 3.Nc3 d6 4.Nf3 a6 5.a4 b6 6.Be2 Bb7 7.O-O Nd7 8.Re1 c5 9.d5 Ngf6
10.Bf4 h6 11.Nd2 O-O 12.Bg3 Re8 13.f4 Nf8 14.Bf3 g5 15.Nc4 gxf4 16.Bxf4 Ng6
17.Bg3 Nd7 18.Qd2 Bc8 19.Bg4 Rb8 20.Ne3 Nde5 21.Bxc8 Rxc8 22.Nf5 Kh7 23.h4 Ng4
24.Nxg7 Kxg7 25.Qe2 h5 26.Qxa6 e5 27.a5 Rb8 28.Nb5 Nxh4 29.Nxd6 Qxd6 30.Bxh4 Qh6
31.axb6 Qf4 32.Qb5 Qh2+ 33.Kf1 Qxh4 34.Ke2 Qf2+ 35.Kd1 Ne3+ 36.Rxe3 Qxe3  0-1

[Event "TCh-FIN 2010-11"]
[Site "Sastamala FIN"]
[Date "2010.09.19"]
[Round "2.5"]
[White "Saastamoinen,A"]
[Black "Niemi,M"]
[Result "0-1"]
[WhiteElo "2171"]
[BlackElo "2248"]

1.e4 g6 2.d4 Bg7 3.Nc3 d6 4.Bc4 Nf6 5.f3 O-O 6.Be3 c6 7.Qd2 Nbd7 8.Nge2 d5
9.exd5 Nb6 10.Bb3 Nbxd5 11.Nxd5 Nxd5 12.Bh6 Re8 13.O-O-O Bh8 14.h4 a5 15.a4 Be6
16.h5 Qd7 17.hxg6 fxg6 18.Rh4 b5 19.axb5 cxb5 20.Re4 a4 21.Ba2 Bf7 22.Kb1 b4
23.Bc4 Rec8 24.Bxd5 Bxd5 25.Qxb4 Bxe4 26.fxe4 Rab8 27.Qa3 Qc6 28.Qd3 Qb5
29.Qxb5 Rxb5 30.Bd2 Rcb8 31.Bc3 Rg5 32.g3 Bg7 33.Ka2 Rg4 34.e5 Bh6 35.Ka3 Rd8
36.Rd3 Re4 37.Ng1 Be3 38.Nf3 Bf2 39.Bb4 Bxd4 40.Bxe7 Rd5 41.Ka2 Rdxe5 42.Nxe5 Bxe5
43.Bd6 Bxd6 44.Rxd6 Re3 45.Ra6 Rxg3 46.Rxa4 h5 47.c4 Rg4 48.Kb3 h4 49.Ra1 h3
50.c5 Kf7 51.c6 Ke7 52.Rd1 Rh4 53.Kc3 g5 54.c7 Rh8 55.Kd3 g4 56.Ke3 Rf8 57.Rf1 Rg8
58.Kf2 g3+ 59.Kg1 Kd7 60.Rc1 Kc8 61.Rc3 Rg7 62.b4 h2+ 63.Kg2 Rh7 64.Rc1 Rxc7
65.Re1 Rc3 66.Re8+ Kb7 67.Rh8 Kb6 68.Rh5 Rc1  0-1

[Event "EYCC Boys U16"]
[Site "Batumi GEO"]
[Date "2010.09.21"]
[Round "2"]
[White "Tilicheev,V"]
[Black "Iskandarov,M"]
[Result "1-0"]
[WhiteElo "2343"]
[BlackElo "2181"]

1.e4 g6 2.d4 Bg7 3.Nc3 d6 4.Nf3 Nf6 5.Be2 O-O 6.O-O e5 7.dxe5 dxe5 8.Bg5 Qe8
9.h3 c6 10.a4 h6 11.Be3 Qe7 12.Bc4 Nbd7 13.a5 Nh5 14.a6 b6 15.Re1 Nc5 16.b4 Ne6
17.b5 Rd8 18.Qb1 Nd4 19.Bxd4 exd4 20.Ne2 c5 21.e5 Be6 22.Qb3 Bxc4 23.Qxc4 Qe6
24.Qxe6 fxe6 25.g4 d3 26.gxh5 dxe2 27.hxg6 Rf8 28.Kg2 Rf4 29.Rxe2 Rd8 30.Ra3 Bf8
31.Rd2 Rxf3 32.Rxd8 Rxa3 33.Rd7 Ra2 34.Rxa7 Rxc2 35.Rb7 c4 36.a7 Ra2 37.g7 Bxg7
38.Rb8+ Kf7 39.a8=Q Rxa8 40.Rxa8 Bxe5 41.Rc8 c3 42.Kf3 Bd4 43.Ke2 e5 44.Rc6 Kg7
45.f3 h5 46.Kd3 h4 47.f4 c2 48.Rxc2 Kf6 49.Ke4  1-0

[Event "EYCC Boys U18"]
[Site "Batumi GEO"]
[Date "2010.09.21"]
[Round "2"]
[White "Bakunc,R"]
[Black "Bregadze,L"]
[Result "1/2-1/2"]
[WhiteElo "2086"]
[BlackElo "2415"]

1.e4 g6 2.d4 Bg7 3.Nc3 d6 4.Nf3 c6 5.h3 Nf6 6.Bd3 O-O 7.O-O Nbd7 8.e5 dxe5
9.dxe5 Nd5 10.Nxd5 cxd5 11.Bf4 Nc5 12.Qd2 Re8 13.Rfe1 Bd7 14.Bh6 Bh8 15.Ng5 Qb6
16.Qf4 f6 17.Nf3 Nxd3 18.cxd3 Bf5 19.Qd2 Rac8 20.g4 Bd7 21.Be3 Qa6 22.Bd4 Rf8
23.exf6 Bxf6 24.Bxf6 Qxf6 25.Ne5 Bb5 26.d4 Qf4 27.Re3 Rf6 28.a4 Bc6 29.Re2 Qxd2
30.Rxd2 Be8 31.a5 Bb5 32.Kg2 Rf4 33.Kg3 Re4 34.Kg2 Re2 35.Rxe2 Bxe2 36.Ra3 Rc2
37.Rc3 Rxb2 38.Rc7 Kf8 39.g5 Rb4 40.Rc8+ Kg7 41.Re8 Rxd4 42.Rxe7+ Kg8 43.Rxb7 a6
44.Nd7 Kf7 45.Nc5+ Ke8 46.Ne6 Rd1 47.Rc7 Re1 48.Ng7+ Kf8 49.Ne6+ Kg8 50.Kg3 Bc4
51.Nd4 Re5 52.f3 Rxg5+ 53.Kf4 Rh5 54.Rd7 Kf8 55.Rc7 Ke8 56.Rg7 Bf1 57.Ra7 Bd3
58.Rg7 Bc4 59.Rc7 Bf1 60.Ra7 Bd3 61.Rg7 h6 62.h4  1/2-1/2

[Event "39th Olympiad Women"]
[Site "Khanty-Mansiysk RUS"]
[Date "2010.09.21"]
[Round "1"]
[White "Bhatia,K"]
[Black "Wakabayashi,Hisako"]
[Result "1-0"]
[WhiteElo "2072"]
[BlackElo "1493"]

1.e4 d6 2.d4 g6 3.Nc3 Bg7 4.Bg5 f6 5.Be3 c6 6.Qd2 b5 7.d5 a6 8.dxc6 Nxc6
9.Nd5 Rb8 10.Nf3 e6 11.Nf4 Nge7 12.Rd1 d5 13.exd5 exd5 14.Bc5 O-O 15.Nxd5 Re8
16.Bxe7 Rxe7+ 17.Nxe7+ Qxe7+ 18.Be2 Bb7 19.O-O Rd8 20.Qe1 Re8 21.Bd3 Qf7
22.Qd2 Qxa2 23.Rfe1 Qf7 24.Rxe8+ Qxe8 25.Re1 Qf7 26.Be4 Qf8 27.Qd7 Qc8 28.Bd5+ Kh8
29.Re8+ Bf8 30.Qf7  1-0

[Event "EYCC Boys U12"]
[Site "Batumi GEO"]
[Date "2010.09.22"]
[Round "3"]
[White "Khanin,S"]
[Black "Mammadov,Gulam Ilham"]
[Result "1-0"]
[WhiteElo "2056"]
[BlackElo "1829"]

1.e4 g6 2.d4 Bg7 3.Nc3 d6 4.Nf3 Nf6 5.Be2 O-O 6.O-O Nc6 7.d5 Nb8 8.h3 e5
9.Bg5 h6 10.Be3 Kh7 11.Ne1 c6 12.Qd2 cxd5 13.exd5 a6 14.f4 Nbd7 15.Nf3 exf4
16.Bxf4 Nc5 17.Rae1 b5 18.a3 Bb7 19.Bd1 Na4 20.Nxa4 bxa4 21.c4 Nh5 22.Bh2 a5
23.Bxa4 Ba6 24.b3 Nf6 25.Qf4 Qb6+ 26.Qe3 Qc7 27.Qe7 Qc5+ 28.Qe3 Qxa3 29.Qb6 Rfd8
30.Ra1 Qb2 31.Rab1 Qa3 32.Bc6 Rab8 33.Qxa6 Qc5+ 34.Kh1 Rb6 35.Qa7 Rxc6 36.Qxf7 Rc7
37.Qe6 Rcd7 38.Bg1 Qc7 39.Qe3 Re8 40.Qd3 Rde7 41.Nd4 Nh5 42.Ne6 Rxe6 43.dxe6 Rxe6
44.Qf3 Qe7 45.Rbd1 Qg5 46.Bh2 Nf6 47.Bxd6 Ne4 48.Bf4 Qc5 49.Rd5 Qe7 50.Bh2  1-0

[Event "39th Olympiad Women"]
[Site "Khanty-Mansiysk RUS"]
[Date "2010.09.23"]
[Round "3"]
[White "Kagramanov,Di"]
[Black "Shabanaj,A"]
[Result "1-0"]
[WhiteElo "2086"]
[BlackElo "1926"]

1.e4 d6 2.d4 g6 3.Nc3 Bg7 4.f4 Nf6 5.Nf3 O-O 6.e5 dxe5 7.dxe5 Qxd1+ 8.Kxd1 Ng4
9.Ke1 c6 10.h3 Nh6 11.g4 f6 12.Bc4+ Nf7 13.exf6 exf6 14.Kf2 Kh8 15.Ne4 f5
16.Nfg5 Nxg5 17.Nxg5 h6 18.Ne6 Bxe6 19.Bxe6 fxg4 20.hxg4 Na6 21.Be3 Nc7 22.Bb3 Bxb2
23.Rxh6+ Kg7 24.Rah1 Rh8 25.Rxh8 Rxh8 26.Rd1 Nd5 27.Bxa7 Rf8 28.Bxd5 cxd5
29.Rxd5 Rxf4+ 30.Kg3 Rf7 31.g5 Rc7 32.Rb5 Bc1 33.Bd4+ Kf7 34.Kf3 Ke6 35.Ke4 Rxc2
36.Rb6+ Rc6 37.Rxb7 Bxg5 38.Rg7 Bd2 39.Rxg6+ Kd7 40.Rg7+ Ke6 41.Ra7 Bb4 42.Ra8 Kd7
43.Kd5 Rc8 44.Ra6 Rc7 45.Bb6 Rb7 46.a4 Be1 47.Bc5 Bg3 48.Rg6 Be1 49.Re6 Bc3
50.Rd6+ Kc7 51.Rc6+ Kd7 52.Be3 Bb4 53.Rg6 Rc7 54.Bb6 Rc1 55.Rg7+ Kc8 56.a5 Ra1
57.Kc6 Rc1+ 58.Kb5 Bxa5 59.Bxa5 Rb1+ 60.Bb4 Kd8 61.Kc5 Rc1+ 62.Kd6 Rd1+ 63.Kc6 Rc1+
64.Bc5 Ke8 65.Kd5 Rh1 66.Bd4 Rh6 67.Be5 Ra6 68.Bd6 Ra2 69.Be5 Ra6 70.Bd6 Ra2
71.Ke6 Re2+ 72.Be5 Kf8 73.Rb7 Kg8 74.Kf6 Rf2+ 75.Kg6 Rg2+ 76.Kf5 Rf2+ 77.Bf4 Kf8
78.Kg5 Ke8 79.Kf5 Kd8 80.Ke5 Kc8 81.Rg7 Ra2 82.Kd6 Ra6+ 83.Kc5 Ra5+ 84.Kb6 Ra2
85.Bd6 Kd8 86.Kc6 Rc2+ 87.Kd5 Rd2+ 88.Ke6 Re2+ 89.Be5 Kc8 90.Rc7+ Kd8 91.Rc4 Re1
92.Rh4 Kc8 93.Rb4  1-0

[Event "39th Olympiad Women"]
[Site "Khanty-Mansiysk RUS"]
[Date "2010.09.23"]
[Round "3"]
[White "Hakimifard,G"]
[Black "Monteiro,S"]
[Result "1-0"]
[WhiteElo "2173"]
[BlackElo "1818"]

1.e4 g6 2.d4 Bg7 3.Nc3 d6 4.Be3 Nf6 5.f3 O-O 6.Qd2 e5 7.O-O-O exd4 8.Bxd4 Nc6
9.Be3 Be6 10.h4 Ne5 11.Bh6 Nh5 12.Bxg7 Kxg7 13.g4 Ng3 14.Rh2 h5 15.gxh5 Nxh5
16.f4 Ng4 17.Rg2 f5 18.exf5 Bxf5 19.Be2 Qxh4 20.Nf3 Qe7 21.Nd4 Nhf6 22.Bxg4 Nxg4
23.Rdg1 Qd7 24.Nd5 Rg8 25.Qc3 Kf7 26.Nxf5 gxf5 27.Rxg4 fxg4 28.Qf6+ Ke8 29.Re1+  1-0

[Event "EYCC Girls U14"]
[Site "Batumi GEO"]
[Date "2010.09.24"]
[Round "6"]
[White "Macharashvili,T"]
[Black "Bezkorovaina,M"]
[Result "1-0"]
[WhiteElo "1799"]
[BlackElo "1957"]

1.e4 g6 2.d4 Bg7 3.Nc3 d6 4.Bc4 Nf6 5.Nf3 c6 6.a4 O-O 7.Qe2 Bg4 8.h3 Bxf3
9.Qxf3 Nbd7 10.Bb3 e5 11.Be3 Qe7 12.O-O Kh8 13.Rad1 Ne8 14.Qg3 Nc7 15.f4 Ne6
16.dxe5 dxe5 17.fxe5 Nxe5 18.Qf2 b6 19.a5 b5 20.Ne2 Nc4 21.Bxc4 bxc4 22.Nd4 Qb7
23.c3 Nc5 24.Qh4 Rae8 25.Nf5 Rxe4 26.Qf2 Nd3 27.Rxd3 gxf5 28.Rd2 a6 29.Bc5 Rfe8
30.Qxf5 R4e5 31.Qf2 Bh6 32.Bd4 Be3 33.Qxe3 f6 34.Bxe5 Rxe5 35.Qd4  1-0

[Event "EYCC Boys U16"]
[Site "Batumi GEO"]
[Date "2010.09.24"]
[Round "6"]
[White "Wieczorek,O"]
[Black "Iskandarov,M"]
[Result "1-0"]
[WhiteElo "2353"]
[BlackElo "2181"]

1.e4 g6 2.d4 Bg7 3.Nc3 d6 4.f4 Nf6 5.Nf3 c5 6.Bb5+ Bd7 7.e5 Ng4 8.Bxd7+ Qxd7
9.d5 dxe5 10.h3 e4 11.hxg4 Bxc3+ 12.bxc3 exf3 13.Qxf3 Na6 14.c4 O-O-O 15.Bb2 f6
16.O-O-O Qa4 17.Qb3 Qxb3 18.cxb3 h6 19.g5 hxg5 20.Rxh8 Rxh8 21.fxg5 Kd7 22.gxf6 exf6
23.Bxf6 Rf8 24.Bc3 Rf2 25.Rd2 Rf5 26.Kc2 Nc7 27.Kd3 Ne8 28.Re2 Nd6 29.Bd2 Nf7
30.Re6 Rf2 31.Rxg6 Rf5 32.Rg7 Kd6 33.Ke4 Re5+ 34.Kf3 Re7 35.Bf4+ Kd7 36.d6  1-0

[Event "EYCC Girls U14"]
[Site "Batumi GEO"]
[Date "2010.09.26"]
[Round "7"]
[White "Luzikova,N"]
[Black "Abdimanoglu,B"]
[Result "0-1"]
[WhiteElo "1778"]
[BlackElo "1772"]

1.e4 d6 2.d4 g6 3.Nc3 Bg7 4.Nf3 Nf6 5.Bd3 O-O 6.O-O c6 7.h3 Nbd7 8.Be3 e5
9.dxe5 dxe5 10.Qd2 Qc7 11.Rad1 Re8 12.Rfe1 Nb6 13.a4 Be6 14.b3 Rad8 15.a5 Nbd7
16.Ng5 Nf8 17.Nxe6 Nxe6 18.Bxa7 Qxa5 19.Ra1 Qb4 20.Ra4 Qe7 21.Rea1 Nd4 22.Qe3 Qd6
23.Ne2 Nh5 24.b4 Kh8 25.Bc5 Qc7 26.Ra7 f5 27.Bc4 Nxc2 28.Bb6 Qb8 29.Qc3 Nxa1
30.Qxa1 Rd7 31.exf5 gxf5 32.Qa2 Rd1+ 33.Kh2 e4+ 34.g3 Ra1  0-1

[Event "TCh-BEL 2010-11"]
[Site "Belgium BEL"]
[Date "2010.09.26"]
[Round "1.5"]
[White "Hautot,S"]
[Black "Gryson,W"]
[Result "1-0"]
[WhiteElo "2409"]
[BlackElo "2230"]

1.e4 g6 2.d4 Bg7 3.Nc3 d6 4.Be3 a6 5.Qd2 Nd7 6.f3 b5 7.g4 Bb7 8.Nge2 Rc8
9.h4 h5 10.gxh5 Rxh5 11.Ng3 Rh8 12.h5 c5 13.hxg6 fxg6 14.Rxh8 Bxh8 15.Bh3 cxd4
16.Bxd4 Ne5 17.Qg2 Rc4 18.Nge2 Kf7 19.O-O-O b4 20.Bxe5 Bxe5 21.Rg1  1-0

[Event "EYCC Boys U14"]
[Site "Batumi GEO"]
[Date "2010.09.27"]
[Round "8"]
[White "Benidze,G"]
[Black "Nowicki,B"]
[Result "0-1"]
[WhiteElo "1918"]
[BlackElo "2068"]

1.e4 d6 2.d4 g6 3.Nc3 Bg7 4.f4 a6 5.Nf3 b5 6.a4 b4 7.Nd5 a5 8.Bd3 Bb7 9.O-O Nd7
10.Ne3 Ngf6 11.e5 Nd5 12.Nxd5 Bxd5 13.c4 bxc3 14.bxc3 O-O 15.Ng5 c5 16.Ne4 cxd4
17.exd6 exd6 18.c4 Bxe4 19.Bxe4 Rc8 20.Ba3 Rxc4 21.Bxd6 Re8 22.Bd3 Rc3 23.Rb1 Qf6
24.Be5 Nxe5 25.fxe5 Qxe5 26.Kh1 Bh6 27.Rb7 Re7 28.Rxe7 Qxe7 29.Qf3 Kg7 30.h3 Ra3
31.Qd1 Qe6 32.Qc2 Rc3 33.Qb1 Qc6 34.Bb5  0-1

[Event "EYCC Boys U16"]
[Site "Batumi GEO"]
[Date "2010.09.27"]
[Round "8"]
[White "Kazakos,E"]
[Black "Endeladze,R"]
[Result "1-0"]
[WhiteElo "2105"]
[BlackElo "1856"]

1.e4 g6 2.d4 Bg7 3.Nc3 d6 4.Be3 Nc6 5.f3 e5 6.Nge2 f5 7.dxe5 Nxe5 8.exf5 Bxf5
9.Nd4 Ne7 10.Qd2 O-O 11.O-O-O N7c6 12.Nxf5 Rxf5 13.Be2 Nf7 14.f4 Ra5 15.Bc4 Qf6
16.g4 Bh8 17.Rde1 b5 18.Bd5 b4 19.Nd1 Rd8 20.f5 b3 21.Bxb3 d5 22.fxg6 hxg6
23.Rhf1 Qg7 24.h4 Rb5 25.h5 Nfe5 26.Bh6 Qd7 27.hxg6 Nxg6 28.Bg5 Rdb8 29.Bf6 R8b6
30.Bxh8 Kxh8 31.Qh6+ Qh7 32.Re8+  1-0

[Event "39th Olympiad Women"]
[Site "Khanty-Mansiysk RUS"]
[Date "2010.09.27"]
[Round "6"]
[White "Sukandar,I"]
[Black "Geldyeva,M"]
[Result "1-0"]
[WhiteElo "2372"]
[BlackElo "2260"]

1.e4 g6 2.d4 Bg7 3.Nc3 d6 4.h3 c6 5.Nf3 b5 6.Bd3 Qc7 7.Be3 Bb7 8.Qd2 Nd7
9.O-O a6 10.Ne2 Nb6 11.Rfe1 h6 12.Ng3 Rd8 13.Rac1 c5 14.c4 b4 15.d5 Nd7 16.Qc2 Ne5
17.Nxe5 Bxe5 18.f4 Bg7 19.Qf2 Rc8 20.Re2 h5 21.e5 dxe5 22.f5 g5 23.Bxg5 Nf6
24.Rce1 Nd7 25.f6 Bxf6 26.Bxf6 exf6 27.Bf5 Qb6 28.Ne4 Rd8 29.Bxd7+ Kxd7 30.Nxf6+ Kc8
31.Qf5+ Kb8 32.Nd7+ Rxd7 33.Qxd7 f6 34.Rf1 Rf8 35.Rxe5 Bc8 36.Re8 Rxe8 37.Qxe8  1-0

[Event "39th Olympiad Women"]
[Site "Khanty-Mansiysk RUS"]
[Date "2010.09.27"]
[Round "6"]
[White "Cosma,E"]
[Black "Gansvind,V"]
[Result "1-0"]
[WhiteElo "2360"]
[BlackElo "2218"]

1.d4 d6 2.e4 g6 3.Nc3 Bg7 4.Be3 c6 5.a4 a5 6.Nf3 Na6 7.Bc4 Nc7 8.h3 d5 9.Bb3 dxe4
10.Nxe4 Nf6 11.Ng3 O-O 12.O-O Nfd5 13.Bd2 Ne6 14.c4 Nb4 15.Bc3 b6 16.Qd2 Qc7
17.Rfd1 Rd8 18.Qe3 Qf4 19.Ne2 Qxe3 20.fxe3 Ba6 21.Kf2 h6 22.Rac1 Rac8 23.Bxb4 axb4
24.c5 b5 25.Bxe6 fxe6 26.a5 g5 27.Ne1 e5 28.Nc2 exd4 29.Nexd4 b3 30.Nb4 Bb7
31.a6 Ba8 32.Ke2 Rf8 33.Rb1 Bxd4 34.exd4 Rf4 35.g3 Rf6 36.Rf1 Rd8 37.Rxf6 exf6
38.Kd3 Kf7 39.Re1 f5 40.Re5 Kf6 41.Kc3 f4 42.gxf4 gxf4 43.Kd3 Rg8 44.Ke4 Rg2
45.Nd3 Rd2 46.Rf5+ Kg7 47.Rxf4 Rd1 48.Ne5 Kg8 49.Nd7 Re1+ 50.Kd3 Re7 51.Rf8+ Kg7
52.Rxa8 Rxd7 53.a7 h5 54.Rg8+  1-0

[Event "EYCC Girls U14"]
[Site "Batumi GEO"]
[Date "2010.09.28"]
[Round "9"]
[White "Macharashvili,T"]
[Black "Tantsiura,M"]
[Result "1-0"]
[WhiteElo "1799"]
[BlackElo "2030"]

1.e4 g6 2.d4 Bg7 3.Nc3 d6 4.g3 Nf6 5.Bg2 O-O 6.Nge2 e5 7.O-O c6 8.a4 a5 9.h3 Na6
10.Be3 Bd7 11.Qd2 b5 12.axb5 cxb5 13.dxe5 dxe5 14.Rfd1 Rc8 15.Qd6 Rc6 16.Qxc6 Bxc6
17.Rxd8 Rxd8 18.Rxa5 Nb4 19.Bc5 Nxc2 20.Nd5 Bxd5 21.exd5 Ne1 22.Bh1 Nd7 23.Be7 Re8
24.d6 e4 25.Bxe4 Ne5 26.f4 Nc4 27.d7  1-0

[Event "39th Olympiad Women"]
[Site "Khanty-Mansiysk RUS"]
[Date "2010.09.28"]
[Round "7"]
[White "Ptacnikova,L"]
[Black "Shabanaj,E"]
[Result "1-0"]
[WhiteElo "2282"]
[BlackElo "2070"]

1.e4 g6 2.d4 d6 3.Nc3 Bg7 4.Be3 Nf6 5.Qd2 O-O 6.h3 a6 7.Bd3 b5 8.Bh6 e5 9.d5 c5
10.dxc6 Nxc6 11.Bg5 Be6 12.Nge2 d5 13.exd5 Bxd5 14.Nxd5 Qxd5 15.O-O Rad8
16.Nc3 Qd4 17.Qc1 Rd7 18.a4 b4 19.Ne2 Qb6 20.Be3 Qb7 21.Ng3 Nd4 22.Bc4 Rc8
23.b3 Ne4 24.Bxd4 Nxg3 25.fxg3 exd4 26.Bd3 a5 27.Qg5 Qc7 28.Rae1 h6 29.Qg4 Qd6
30.Bc4 Rf8 31.Re2 Kh7 32.Rfe1 h5 33.Qf4 Bh6 34.Qxd6 Rxd6 35.Re7 Be3+ 36.Kh2 Rf6
37.Rf1 Rxf1 38.Bxf1 Kg7 39.Bc4 Kf6 40.Rd7 g5 41.g4 h4 42.g3 hxg3+ 43.Kxg3 Bf4+
44.Kg2 Re8 45.Rxf7+ Kg6 46.h4 Re3 47.h5+ Kh6 48.Bd3 Rg3+ 49.Kf2  1-0

[Event "39th Olympiad Women"]
[Site "Khanty-Mansiysk RUS"]
[Date "2010.09.28"]
[Round "7"]
[White "Wilson,A"]
[Black "Rakic,Ma"]
[Result "1/2-1/2"]
[WhiteElo "2047"]
[BlackElo "2317"]

1.e4 g6 2.d4 Bg7 3.Nc3 d6 4.f4 a6 5.Nf3 b5 6.Bd3 Nd7 7.Ne2 Ngf6 8.O-O O-O
9.c3 Nb6 10.Ng3 Bg4 11.h3 Bxf3 12.Qxf3 e5 13.fxe5 dxe5 14.Bg5 Nbd7 15.d5 c6
16.c4 cxd5 17.cxd5 Qe7 18.Rac1 Rfc8 19.Kh1 h6 20.Bd2 Ne8 21.a3 Ndf6 22.Bb4 Qd7
23.Bb1 h5 24.Rxc8 Rxc8 25.Qe3 Qc7 26.Qd2 Kh7 27.Ne2 Nd6 28.Rc1 Nc4 29.Qd3 a5
30.Be1 Qd7 31.Rc2 Nd6 32.Rxc8 Qxc8 33.Qf3 Qc4 34.b3 Qc5 35.b4 Qc4 36.bxa5 Nfxe4
37.a6 Nc5 38.a7 Qa4 39.Qxh5+ Kg8 40.Qh4 Qxa7 41.Qd8+ Bf8  1/2-1/2

[Event "39th Olympiad Women"]
[Site "Khanty-Mansiysk RUS"]
[Date "2010.09.29"]
[Round "8"]
[White "Latreche,S"]
[Black "Shabanaj,E"]
[Result "0-1"]
[WhiteElo "1815"]
[BlackElo "1972"]

1.e4 g6 2.d4 Bg7 3.Nc3 d6 4.f4 Nf6 5.Nf3 O-O 6.Be2 Nbd7 7.O-O c5 8.d5 Ne8
9.f5 Ne5 10.Nxe5 Bxe5 11.Bh6 Ng7 12.Qd2 a6 13.a4 Qb6 14.Ra2 Qb4 15.Bd3 Bd7
16.a5 b5 17.Nb1 Qxd2 18.Nxd2 c4 19.Be2 Rfc8 20.fxg6 hxg6 21.c3 f5 22.Bg5 Bf6
23.Bxf6 exf6 24.exf5 Bxf5 25.g4 Re8 26.Bd1 Bd3 27.Bf3 Bxf1 28.Kxf1 f5 29.gxf5 gxf5
30.Kf2 Re7 31.Ra1 Rae8 32.Rg1 Kf7 33.Nf1 Re1 34.h4 Rb1 35.h5 Rxb2+ 36.Kg3 Rh8
37.Rh1 Rh6 38.Kf4 Kf6 39.Ne3 Rb3 40.Bg4 Rxc3 41.Nxf5 Nxf5 42.Bxf5 Ra3 43.Bg6 c3
44.Re1 Ra4+ 45.Kf3 Rxa5 46.Re6+ Kg5 47.Rxd6 b4 48.Rb6 c2 49.Rc6 b3 50.d6 Rd5
51.d7 Rxd7 52.Rc5+ Kf6 53.Kf4 Rd1 54.Bxc2 bxc2 55.Rxc2 Rd4+ 56.Kg3 a5 57.Rc6+ Kg7
58.Rc7+ Kf8 59.Rc8+ Ke7 60.Rc7+ Kd8 61.Rc5 a4 62.Ra5 Rb4 63.Ra8+ Kc7 64.Kf2  0-1

[Event "Highlands Open"]
[Site "Zdar nad Sazavou CZE"]
[Date "2010.09.30"]
[Round "7"]
[White "Balazec,L"]
[Black "Lorenc,O"]
[Result "0-1"]
[WhiteElo "1964"]
[BlackElo "2077"]

1.e4 g6 2.d4 Bg7 3.Nc3 d6 4.f4 Nd7 5.Nf3 c5 6.Be3 Qa5 7.Qd2 Ngf6 8.Bc4 O-O
9.a3 Ng4 10.Bg1 e6 11.h3 Ngf6 12.Be3 a6 13.dxc5 dxc5 14.e5 Ne8 15.Ne4 Qc7
16.a4 b6 17.Rd1 Qc6 18.Nc3 Ra7 19.O-O Rc7 20.Qe2 Nb8 21.Bd3 Qa8 22.a5 b5
23.Qf2 Nd7 24.Rd2 Bb7 25.Rfd1 Bc6 26.Be4 b4 27.Rxd7 Rxd7 28.Rxd7 bxc3 29.bxc3 Bxe4
30.Bxc5 Bxf3 31.Qxf3 Qc8 32.Bxf8 Qxd7 33.Bb4 Bf8 34.Qe4 Qd5 35.Qxd5 exd5
36.Kf2 Nc7 37.Ke3 Ne6 38.g4 Bh6 39.g5 Bf8 40.Kf3 h5 41.gxh6 Bxh6 42.f5 gxf5
43.Bd6 Bd2 44.Bb4 d4 45.Ke2 Bxc3 46.Bxc3 dxc3 47.Kd3 Kg7 48.Kxc3 Kg6 49.Kd3 Kg5
50.Ke3 Kh4 51.Kf2 Kxh3 52.c4 Kg4  0-1

[Event "39th Olympiad Women"]
[Site "Khanty-Mansiysk RUS"]
[Date "2010.10.01"]
[Round "10"]
[White "Daulyte,D"]
[Black "Shabanaj,E"]
[Result "1-0"]
[WhiteElo "2307"]
[BlackElo "2070"]

1.e4 g6 2.d4 Bg7 3.Nc3 d6 4.g3 Nd7 5.Bg2 c6 6.Nge2 e5 7.O-O Qc7 8.Be3 Ngf6
9.h3 O-O 10.a4 a5 11.g4 Nb6 12.b3 Ne8 13.Ng3 f5 14.gxf5 gxf5 15.Nxf5 Bxf5
16.exf5 Rxf5 17.dxe5 dxe5 18.Qg4 Rf7 19.Ne4 Nf6 20.Qe6 Nxe4 21.Bxe4 Rf8 22.Bc5 Rd8
23.Bf3 e4 24.Bh5 Bxa1 25.Bxb6 Qxb6 26.Qxf7+ Kh8 27.Rxa1 Rg8+ 28.Kh1 Qd4 29.Rd1 Qe5
30.Rd7 Qa1+ 31.Bd1 Qg7 32.Qxg7+  1-0

[Event "21st Open"]
[Site "Goch GER"]
[Date "2010.10.02"]
[Round "4.16"]
[White "De Wit,Albert"]
[Black "Bub,V"]
[Result "0-1"]
[WhiteElo "2049"]
[BlackElo "2179"]

1.e4 g6 2.d4 Bg7 3.Nc3 d6 4.Be3 a6 5.Qd2 Nd7 6.f4 b5 7.Be2 Bb7 8.Bf3 c6 9.Nge2 Nb6
10.b3 Nf6 11.O-O Qc7 12.Rac1 O-O 13.g4 e6 14.g5 Nfd7 15.f5 exf5 16.exf5 Rfe8
17.f6 Bf8 18.Bf4 c5 19.dxc5 Qxc5+ 20.Kh1 Bxf3+ 21.Rxf3 Ne5 22.Bxe5 Rxe5 23.h4 b4
24.Nd1 Rae8 25.Nf4 Re1+ 26.Kh2 Qg1+ 27.Kh3 Qh1+ 28.Kg4 Rg1+ 29.Rg3 Ree1 30.Nf2 Rxg3+
31.Kxg3 Qg1+ 32.Kf3 Rxc1 33.Ne2 Qh2 34.Qxc1 Qxh4 35.Ng4 Nd7 36.Qe3 h5 37.gxh6 Ne5+
38.Nxe5 Qxf6+ 39.Kg2 dxe5 40.Ng3 Qf4 41.Qxf4 exf4 42.Ne4 Bxh6 43.Nc5 Bf8
44.Na4 f5 45.c4 Kf7 46.Nb6 Ke6 47.Nd5 Bd6 48.Kf2 g5 49.Ke2 g4 50.Kf2 Ke5
51.Ke2 Bc5 52.Kf1 f3  0-1

[Event "Tatry Open"]
[Site "Tatranske Zruby CZE"]
[Date "2010.10.02"]
[Round "1"]
[White "Bakalar,J"]
[Black "Kebis,M"]
[Result "1-0"]
[WhiteElo "2073"]
[BlackElo "1994"]

1.e4 g6 2.d4 Bg7 3.Nc3 d6 4.g3 Nf6 5.Bg2 O-O 6.Nge2 Nbd7 7.O-O a6 8.h3 Rb8
9.f4 e5 10.dxe5 dxe5 11.f5 c6 12.g4 h6 13.Be3 b5 14.a3 Qc7 15.Ng3 Bb7 16.h4 Rfd8
17.Qe2 Nb6 18.g5 hxg5 19.hxg5 Nh7 20.b3 c5 21.Qf2 Rbc8 22.Bh3 Nd7 23.fxg6 fxg6
24.Qf7+ Kh8 25.Qxg6 b4 26.Rf7 Ndf8 27.Qxg7+  1-0